000 00637nam a2200205 a 4500
001 BRCA_33
005 20190320202843.0
008 910501s1987 mx-a---###---#000-0#spa-#
040 _aDLC
_cDLC
050 4 _aF1391.P8
_b.P75 1987
100 1 _aPrieto, Guillermo
_d1818-1897
_9154
245 1 0 _aLa vida en Puebla
_bcrónicas de Fidel
_cFrancisco J. Cabrera [compilador].
260 _aMéxico
_c1987
300 _a174 p.
_bil.
_c18 cm.
651 4 _aPuebla (México)
_vCrónicas
_xVida social y costumbres
_9155
651 4 _aPuebla (México)
_xFolklore
_9156
653 0 _aVida cotidiana
700 1 _aCabrera, Francisco J
_9157
942 _2lcc
_cB
999 _c33
_d33